MDQL
is popping MORE tags! Check the
thread
!
Quizzes
Events
Quiz Creation
Community
Videos
Private Events
Remove Ads
Sign In
Join for FREE
Feedback
Dark Mode
Quiz Categories
Sports
Geography
Music
Movies
Television
Just For Fun
Miscellaneous
History
Literature
Language
Science
Gaming
Entertainment
Religion
Holiday
For Kids
Quiz Lab
Recent
Popular Today
Quiz Kudos Today
Editor Picks
Curator Picks
Quizzes by...
Day
Popularity
Type
Ratings
Length
Year
Community
Subscriptions
Recent Discussions
Orange Saloon
Badges
Playlists
Quests
Create
Leaderboards
Showdown
Live 5
Trivia Bingo
Activity
Puzzle Library
Sporcle Events
Private Events
Virtual Trivia
Globe League
Become a Host
Pub Owners
SporcleCon
Opinionation
Our Games
Videos
Blog
Mobile Apps
Partnerships
Remove Ads and Go Orange
Feedback
Gaming
Video Games
Board Games
Card Games
Pokémon
Mario
Nintendo
Minecraft
Console
Toys
Legend of Zelda
Gaming
Video Games
Board Games
Card Games
Pokémon
Mario
Nintendo
Minecraft
Console
Toys
Legend of Zelda
Random Quiz
Search Sporcle
×
Quiz Lab
Quiz Lab
Gaming
debut
Type in answers that appear in a list
Type in answers that appear in a list
Classic
Best Score? Go Orange.
Super Smash Brothers Debuts Stats
Can you name the SSB character debuts?
By
freakshow13
8m
44 Questions
212 Plays
212 Plays
212 Plays
Comments
Comments
Give Quiz Kudos
Give Quiz Kudos
-
- Ratings
hide this ad
Forced Order
Answers have to be entered in order
Answers have to be entered in order
Replay
Link that replays current quiz
Next Quiz
Link to next quiz in quiz playlist
You Got
0%
They Got
Avg Score
24%
Avg Friend Score
Upgrade to see
Score Distribution
Jump to the score distribution portion of the page
Score
0/44
Timer
08:00
0
Plays Today
% Correct
Mario
99.5%
Luigi
88.7%
Donkey Kong
53.3%
Link
43.9%
Samus
39.2%
Captain Falcon
34%
Ness
31.1%
Yoshi
30.2%
Kirby
29.2%
Fox
28.8%
Pikachu
28.8%
Jigglypuff
28.3%
Bowser
26.9%
Peach
26.4%
Ganondorf
22.2%
Falco
19.8%
Dr. Mario
19.8%
Ice Climbers
19.3%
Zelda
18.9%
Mr. Game and Watch
18.4%
Sheik
17.9%
Marth
17.9%
% Correct
Young Link
17.9%
Pichu
17.9%
Mewtwo
17.5%
Roy
17.5%
Diddy Kong
16.5%
Wario
16.5%
Toon Link
16%
Snake
15.6%
Sonic
15.6%
Zero Suit Samus
15.1%
Pit
15.1%
R.O.B.
15.1%
Lucas
15.1%
Meta Knight
14.6%
King Dedede
14.6%
Olimar
14.6%
Wolf
14.6%
Ike
14.6%
Pokemon Trainer
13.7%
Pokemon Trainer
13.7%
Pokemon Trainer
13.7%
Lucario
13.7%
Quiz Playlist
Details
Report
Send in Message
Add To Playlist
Classic:
Type in answers that appear in a list
Forced Order:
Answers have to be entered in order
Last Updated: Feb 16, 2017
Quiz Scoreboard
CHALLENGE
Sign Up to Join the Scoreboard
Show All
Scores
Hide
Comments
May contain spoilers
Recently Published
Holiday 10x10 Sorting Gallery
by lukepisani3
Holiday
15m
Two Season TV Shows II
by 123Four
Television
10m
Image Sorting: Flags VI
by Barbecue
Geography
2m
More to Explore
Quiz From the Vault
Featured Blog Post
14 Easter Pick-up Lines to Find Eggs With
hide this ad
You Might Also Like...
Tags
Brother
Character
debut
smash
ssb
Today's Top Quizzes in Gaming
Browse Gaming
hide this ad
Today's Top Quizzes in debut
Browse debut
Top Contributed Quizzes in Gaming
1
League of Legends Pro Players by Career/Team History
2
Destiny 2 exotic weapons by perk icons
3
Genshin Impact Logic Puzzle
4
Genshin Impact Logic Puzzle Quiz
5
Ultimate Genshin Impact Logic Puzzle (up to 4.3)
6
4x4 Decades: Video Games
7
Genshin murder mystery
8
Who's on the WWE 2K24 Cover?
9
Dead By Daylight Logic Puzzle
10
Image Sorting: Video Game Characters II
Explore More
Trending Topics
NBA
Harry Potter
Marvel
Anime
Disney
Kpop
Crossword
Song
Pokémon
Country
NFL
Puzzle
WWE
Soccer
The Office
hide this ad
More By:
freakshow13
Quiz
Plays
Rating
Category
Featured
Created
Super Smash Brothers Debuts
212
1.36
Gaming
Jun 21, 2010
Go to Creator's Profile
Score Distribution
Quiz Creator Spotlight
freakshow13
Follow
Send a Message
Quizzes Created
-
Created Quiz Play Count
-
More By This Creator
Popular Quizzes Today
1
Find the US States - No Outlines Minefield
2
Colored Red Africa Blitz
3
Find the 'City' Movie
4
The Countries of the World
5
Find the US States
6
5x2 Blitz: Bands
7
Find the Countries of Europe - No Outlines Minefield
8
US States
More Gaming Quizzes
World of Warcraft: Pandaria Zones
Quiz Lab
Trending Quizzes
Colored Red Europe Blitz I
Colored Red Europe Blitz II
Colored Red Africa Blitz II
Colored Red Africa Blitz III
Colored Red Europe Blitz III
Recently Updated
Odd Team Out - Big 4 Players
pecheneg
Quick Pick: 20 Twenties
pecheneg
March Madness Men's Triple Doubles
pecheneg
How Do You Spell That?
pecheneg
Godzilla Movies
pecheneg
Grab Bag: 4-10 Letters
pecheneg
2024 March Madness Bracket
pecheneg
Famous TV Couples
Peacemaker
Champions League XIs: Real Madrid
pecheneg
Largest US Cities 1790-2010
pecheneg
Trending Topics
Kpop
Marvel
NBA
Disney
Harry Potter
Anime
Crossword
Pokémon
NFL
Song
WWE
Country
The Office
Soccer
Puzzle
Your Account Isn't Verified!
In order to create a playlist on Sporcle, you need to verify the email address you used during registration. Go to your
Sporcle Settings
to finish the process.
Report this User
Report this user for behavior that violates our
Community Guidelines
.
Details:
Send Report
Go to the Sporcle.com Mobile Site →
Comments